000 00504cam a2200205ua 4500
001 6999
008 141118n ii |||gr||||Z||||||eng
020 _a9780195647655
040 _cMAIN
041 _aeng
082 _a320
100 _aChatterjee, Partha,
_eEditor.
245 _aState and politics in India
_cEdited by Partha Chatterjee
250 _a1st.
260 _aNew Delhi:
_bOxford,
_c2008.
300 _aix,576p.
653 _aPolitical science
653 _aIndian politics
942 _cBK
999 _c6140
_d6140